000
00246 a2200097 4500
020
_a
9789361595646
100
_a
Lindy Ryan
245
_a
Visual analytics: creating compelling data narratives with tableau
260
_b
Pearson
_c
2025
942
_c
OO
999
_c
116006
_d
116005